02068nam a2200229Ia 450000500170000000800410001704000440005804100080010208200120011010000370012224501410015925000220030026000660032230000970038850007320048550504300121750600210164765000600166865000200172865000500174870000400179820200311083553.0130821s1902 xxuo fr 1 aspa  aCo-BoUCMbspacSandra YazodSandra Yazo1 aspa04a9202201 aWashington, Booker T.d1856-191510aDe esclavo á catedráticobAutobiografía de Booker T. WáshingtoncVertida del inglés al español, por Alfredo Elías y Pujol. aSegunda edición aNueva York (Estados Unidos)bD. Appleton y Compañíac1902 avi, [4], 297, [14] páginas, [16] hojas láminabilustraciones, fotografíasc18 x 12 cm. aDetalles físicos: Encuadernación rígida (holandesa) en cartón forrado en papel. Lomo en cuero con nervaduras sobre costuras y adornos en dorado. Tapas con raspaduras y deterioro en bordes y esquinas, residuos de cinta pegante. Guardas. Antes de la portada con una hoja de cortesía con retrato del autor y nota de donación al verso (Francisco Cabo R.,1904). Portada impresa una sola tinta, con un grabado de la marca tipográfica del editor, sellos de tinta. Texto impreso en una sola columna, con diferentes tamaños de letra. Varias hojas con imágenes a blanco y negro y fuera del texto. Papel manchado, varias hojas empiezan a desprenderse al inicio de la obra. Cortes decorados. Título del lomo con errores0 aEsclavo entre esclavos ; Días juveniles ; La lucha por la educación ; El bien de los demás ; El período de reorganización ; Indios y negros ; Los comienzos en Tuskegee ; Escuela en un establo y en un gallinero ; Días de ansiedad ; Casi lo imposible ; Sin camas ni muebles ; Recogiendo dinero ; Mis primeros discursos ; Mi discurso en la Exposición de Atlanta ; El éxito en la oratoria ; Europa ; Conclusión  aConsulta en sala 7aAfrodescendienteszEstados unidosxCondiciones sociales 7aAutobiografía 7aProfesores vAutobiografíaszEstados Unidos1 aElías y Pujol, Alfredoetraductor